000 00652nam a2200229 i 4500
001 C2-0297807
003 PPAK
005 20180728080003.0
008 090521s2001 ii |||| ||||| | tam d
040 _aPPAK
_beng
_cPPAK
_erda
082 0 4 _a894.8111
_223
090 0 0 _a894.8111
_bPIL
_dG
100 1 _aPillai, M. Narayanavelu,
_eauthor
245 1 0 _aSanga elakkiyam vazhangum paripadal
264 1 _aChennai, India :
_bR.A. Janarthanam, Narbhavi Prasuram ,
_c2001
300 _a174 pages ;
_c18 cm
336 _2rdacontent
_atext
337 _2rdamedia
_aunmediated
338 _2rdacarrier
_avolume
650 1 0 _aTamil poetry
942 _ddc
_cB
999 _c102170
_d102170